[Event "London Classic Open 2014"]
[Site "London ENG"]
[Date "2014.12.11"]
[Round "4.42"]
[White "Ismailov, Roman"]
[Black "Dale, Ari"]
[Result "0-1"]
[BlackTitle "IM"]
[WhiteElo "2010"]
[BlackElo "2252"]
[WhiteFideId "12807710"]
[BlackFideId "3213145"]
[EventDate "2014.12.08"]

1. d4 Nf6 2. c4 g6 3. Nc3 d5 4. cxd5 Nxd5 5. e4 Nxc3 6. bxc3 Bg7 7. Be3 c5 8.
Qd2 Qa5 9. Rc1 O-O 10. Be2 Rd8 11. Nf3 Nc6 12. d5 e6 13. O-O b6 14. Rfd1 Qa4 15.
Qc2 Qxc2 16. Rxc2 exd5 17. Rxd5 Bb7 18. Nd2 Ne5 19. Rxd8+ Rxd8 20. f3 Bc6 21.
Nb1 Nd3 22. Na3 b5 23. Bxd3 Rxd3 24. Bxc5 Bxc3 25. Bxa7 b4 26. Nc4 Rd1+ 27. Kf2
Ba4 28. Re2 Bb5 29. Ne3 Bxe2 30. Kxe2 Rd2+ 0-1

[Event "London Classic Open 2014"]
[Site "London ENG"]
[Date "2014.12.11"]
[Round "4.43"]
[White "Bukojemski, Adam"]
[Black "Morello, Guido"]
[Result "1-0"]
[WhiteElo "2214"]
[BlackElo "2029"]
[WhiteFideId "1114620"]
[BlackFideId "836621"]
[EventDate "2014.12.08"]

1. e4 c5 2. Nf3 Nc6 3. Bb5 e6 4. O-O Nge7 5. Re1 g6 6. c3 Bg7 7. d3 O-O 8. Nbd2
Qc7 9. Nf1 Ne5 10. Nxe5 Qxe5 11. Ng3 a6 12. Ba4 b5 13. Bc2 Qc7 14. h4 Bb7 15. h5
f5 16. Bg5 f4 17. Nf1 Nc6 18. hxg6 hxg6 19. Rc1 Qe5 20. Qg4 b4 21. Bb1 a5 22.
Nh2 Qd6 23. Qh4 Rf7 24. Ng4 Ne5 25. Nf6+ Bxf6 26. Bxf6 Rxf6 27. Qxf6 Rf8 28. Qg5
Kg7 29. d4 cxd4 30. cxd4 Nf7 31. Qc5 Qa6 32. Qc7 f3 33. Qxd7 fxg2 34. Rc7 Bc8
35. Qc6 Qxc6 36. Rxc6 e5 37. Kxg2 exd4 38. Rd1 Ng5 39. f4 Rxf4 40. Rxc8 1-0

[Event "London Classic Open 2014"]
[Site "London ENG"]
[Date "2014.12.11"]
[Round "4.44"]
[White "Vachtfeidl, Petr"]
[Black "Guthrie, David"]
[Result "1/2-1/2"]
[WhiteElo "1985"]
[BlackElo "2209"]
[WhiteFideId "315028"]
[BlackFideId "4300505"]
[EventDate "2014.12.08"]

1. e4 e5 2. Nf3 Nc6 3. Bb5 a6 4. Ba4 Nf6 5. O-O Be7 6. Re1 b5 7. Bb3 O-O 8. h3
Bb7 9. d3 d6 10. a3 Nb8 11. c4 Nbd7 12. Nc3 c6 13. d4 Qc7 14. Nh4 g6 15. Bh6
Rfc8 16. Nf3 Bf8 17. Bg5 Bg7 18. Qd2 Re8 19. dxe5 dxe5 20. Ba2 Nc5 21. b4 Rad8
22. Qc2 Ne6 23. c5 Nxg5 24. Nxg5 Re7 25. Rad1 h6 26. Rxd8+ Qxd8 27. Rd1 Qc7 28.
Nf3 Rd7 29. Rxd7 Nxd7 30. Qd2 Bc8 31. Kf1 Nf8 32. Ke2 Ne6 33. Kf1 Nd4 34. Qd3
Qe7 35. Ne2 Nxf3 36. Qxf3 Be6 37. Bxe6 Qxe6 38. Qd3 Bf8 39. Nc1 Be7 40. Nb3 Kf8
41. Na5 Ke8 42. Qb3 Qd7 43. Ke2 Bd8 44. Qc3 Qe6 45. Nb3 Bc7 46. Qd3 Ke7 47. Kd2
Qf6 48. Ke2 Qg5 49. Qf3 f5 1/2-1/2

[Event "London Classic Open 2014"]
[Site "London ENG"]
[Date "2014.12.11"]
[Round "4.45"]
[White "Sathyanandha, Saravanan"]
[Black "Prior, Stephen C V"]
[Result "1-0"]
[WhiteElo "2190"]
[BlackElo "2014"]
[WhiteFideId "470929"]
[BlackFideId "423378"]
[EventDate "2014.12.08"]

1. e4 c5 2. c3 Nf6 3. e5 Nd5 4. d4 cxd4 5. Nf3 e6 6. cxd4 b6 7. Nc3 Nxc3 8. bxc3
Qc7 9. Bd2 d6 10. Bd3 Nd7 11. O-O Be7 12. Bf4 f5 13. Qb3 d5 14. c4 Bb7 15. Rac1
Qd8 16. cxd5 Bxd5 17. Bc4 Nf8 18. Qa4+ Kf7 19. Bxd5 Qxd5 20. Rc7 h6 21. h4 Ng6
22. Rd7 Qe4 23. Bg5 Rhe8 24. h5 Nf4 25. Re1 Nh3+ 26. Kh2 Qg4 27. Bxe7 Rxe7 28.
Rxe7+ Kf8 29. Qa3 Nf4 30. Rxa7+ Kg8 31. Rxa8+ Kh7 32. Nh4 Qxh4+ 33. Kg1 Nxh5 34.
Qf3 Qg5 35. Rb1 Qh4 36. d5 Qc4 37. Qxh5 1-0

[Event "London Classic Open 2014"]
[Site "London ENG"]
[Date "2014.12.11"]
[Round "4.46"]
[White "Yu, Derek"]
[Black "Bates, Caspar J"]
[Result "1/2-1/2"]
[WhiteElo "1973"]
[BlackElo "2185"]
[WhiteFideId "3206203"]
[BlackFideId "414760"]
[EventDate "2014.12.08"]

1. e4 d5 2. exd5 Qxd5 3. Nc3 Qd8 4. d4 Nf6 5. Bg5 Nbd7 6. Nf3 c6 7. Bd3 h6 8.
Bxf6 Nxf6 9. Ne5 Be6 10. Ne2 Qa5+ 11. c3 Rd8 12. O-O Bc8 13. Qc2 Ng4 14. f4 Ne3
15. Qb3 Qd5 16. Rf3 Qxb3 17. axb3 Ng4 18. Rxa7 Nxe5 19. fxe5 e6 20. b4 Be7 21.
Be4 Rd7 22. Nf4 O-O 23. Rf1 Bd8 24. Nxe6 fxe6 25. Bh7+ Kxh7 26. Rxf8 g6 27. Ra8
Kg7 28. Rf1 Rc7 29. Rfa1 Kf8 30. Rb8 Ke8 31. Kf2 Be7 32. Raa8 Kd7 33. Ke3 Bg5+
34. Kd3 Be7 35. h3 Bh4 36. Kc4 Be7 37. g4 Kd8 38. Kb3 Kd7 39. Ka4 b5+ 40. Ka3
Bf8 41. b3 Be7 42. Kb2 Bf8 43. Kc2 Be7 44. Kd3 Bg5 45. c4 Be7 46. cxb5 cxb5 47.
Rxb5 Bb7 48. Ra2 1/2-1/2

[Event "London Classic Open 2014"]
[Site "London ENG"]
[Date "2014.12.11"]
[Round "4.47"]
[White "Lalic, Peter D"]
[Black "Niccoli, Tony"]
[Result "1-0"]
[WhiteElo "2180"]
[BlackElo "1996"]
[WhiteFideId "416711"]
[BlackFideId "432946"]
[EventDate "2014.12.08"]

1. c4 c5 2. Nc3 Nc6 3. g3 g6 4. Bg2 Bg7 5. Nf3 Nf6 6. d3 O-O 7. Bg5 h6 8. Bd2 d6
9. a3 Rb8 10. b4 b6 11. O-O Bb7 12. Qa4 Qd7 13. Rab1 Nd4 14. Qxd7 Nxd7 15. Nxd4
Bxg2 16. Kxg2 cxd4 17. Nd5 e6 18. Nc7 Rfc8 19. Nb5 a6 20. Nxd6 Rc6 21. c5 bxc5
22. bxc5 Rxc5 23. Rxb8+ Nxb8 24. Rb1 Nd7 25. Rb7 Ne5 26. Bf4 Bf8 27. Rb8 g5 28.
Ne4 Nd7 29. Rxf8+ Nxf8 30. Nxc5 gxf4 31. gxf4 Ng6 32. Kg3 e5 33. fxe5 Nxe5 34.
Nxa6 Kg7 35. Nb4 Kf6 36. f4 Nd7 37. Nc2 Nc5 38. Nxd4 Kg6 39. Nb5 Na4 40. d4 Kf5
41. Kf3 Ke6 42. e4 f6 43. d5+ Ke7 44. Nd4 Nc3 45. Nf5+ Kd7 46. Nxh6 Nb5 47. a4 1-0

[Event "London Classic Open 2014"]
[Site "London ENG"]
[Date "2014.12.11"]
[Round "4.48"]
[White "Cannon, Raymond C"]
[Black "Osborne, Marcus E"]
[Result "1/2-1/2"]
[WhiteElo "1956"]
[BlackElo "2176"]
[WhiteFideId "408018"]
[BlackFideId "404608"]
[EventDate "2014.12.08"]

1. Nc3 d5 2. e4 e6 3. d4 Nf6 4. exd5 exd5 5. Bg5 c6 6. Bd3 Be7 7. Nge2 Bg4 8. f3
Bh5 9. Nf4 Bg6 10. Nxg6 hxg6 11. Qe2 O-O 12. O-O Re8 13. Qf2 Nbd7 14. Kh1 Nf8
15. Rae1 Qc7 16. Bh4 Bd6 17. Bg3 Bxg3 18. Qxg3 Qb6 19. Ne2 Ne6 20. Rd1 Nxd4 21.
Nxd4 Qxd4 22. Bxg6 Qe5 23. Qxe5 Rxe5 24. Bd3 c5 25. Rfe1 Rae8 26. Rxe5 Rxe5 27.
Kg1 d4 28. Bc4 Re7 29. Kf1 a6 30. a4 Nd7 31. Bd3 Nb6 32. a5 Nd5 33. Re1 Ne3+ 34.
Kf2 f5 35. c3 f4 36. cxd4 cxd4 37. Rc1 Kf7 38. Rc8 Nd1+ 39. Kf1 Nxb2 40. Be4 Rd7
41. Ke2 Na4 42. Kd3 Ke6 43. Re8+ Kf6 44. Rc8 Nc3 45. Rf8+ Ke7 46. Rxf4 Nb5 47.
Rg4 Kd6 48. Rg5 Rc7 49. Rg6+ Ke5 50. Rg5+ Kd6 51. Rg6+ Kc5 52. Rb6 Nd6 53. Rb1
Nb5 54. h4 Rf7 55. g4 Nd6 1/2-1/2

[Event "London Classic Open 2014"]
[Site "London ENG"]
[Date "2014.12.11"]
[Round "4.49"]
[White "Zoldan, Matteo"]
[Black "Calvert, D Ian"]
[Result "1/2-1/2"]
[WhiteTitle "CM"]
[WhiteElo "2174"]
[BlackElo "1982"]
[WhiteFideId "805319"]
[BlackFideId "406368"]
[EventDate "2014.12.08"]

1. c4 Nf6 2. g3 c6 3. Nf3 d5 4. Bg2 g6 5. b3 Bg7 6. Bb2 O-O 7. O-O Nbd7 8. cxd5
cxd5 9. Qc2 b6 10. Rc1 Bb7 11. Na3 Rc8 12. Qd1 Rxc1 13. Rxc1 Qb8 14. Nb5 Rc8 15.
d3 a6 16. Rxc8+ Qxc8 17. Na3 Ne8 18. Bxg7 Nxg7 19. d4 Nf5 20. Qc2 Nf6 21. Kf1
Ne4 22. Ke1 Qc3+ 23. Qxc3 Nxc3 24. Nc2 1/2-1/2

[Event "London Classic Open 2014"]
[Site "London ENG"]
[Date "2014.12.11"]
[Round "4.50"]
[White "Praczukowski, Stanislaw"]
[Black "Farrand, Tom"]
[Result "0-1"]
[WhiteElo "1962"]
[BlackElo "2172"]
[WhiteFideId "1182730"]
[BlackFideId "406457"]
[EventDate "2014.12.08"]

1. d4 f5 2. Bg5 h6 3. Bh4 g5 4. e4 Nf6 5. e5 e6 6. Bg3 f4 7. Bd3 Bg7 8. exf6
Qxf6 9. Qh5+ Kd8 10. Nc3 fxg3 11. fxg3 Qxd4 12. O-O-O Nc6 13. Nge2 Qe3+ 14. Kb1
Ne5 15. Be4 Rf8 16. Rhe1 Qb6 17. Nd4 d6 18. Qh3 Nc4 19. Na4 Qb4 20. Bc6 Nd2+ 21.
Kc1 Qxd4 22. Rxd2 Qc4 23. Bxb7 Bxb7 24. Nc5 Qxc5 25. Qxe6 Bf6 26. Rf1 Bxb2+ 27.
Kxb2 Qb5+ 28. Kc3 Rxf1 29. Re2 Qc5+ 0-1

[Event "London Classic Open 2014"]
[Site "London ENG"]
[Date "2014.12.11"]
[Round "4.51"]
[White "Kalavannan, Koby"]
[Black "Moore, Gerald"]
[Result "1/2-1/2"]
[WhiteElo "1935"]
[BlackElo "2169"]
[WhiteFideId "425753"]
[BlackFideId "403440"]
[EventDate "2014.12.08"]

1. d4 g6 2. Nf3 Bg7 3. c4 Nf6 4. g3 O-O 5. Bg2 d6 6. O-O Nc6 7. d5 Ne5 8. Nfd2
c6 9. Nc3 cxd5 10. cxd5 Bd7 11. b4 Rc8 12. Bb2 Nc4 13. Nxc4 Rxc4 14. Qb3 Qc7 15.
Rac1 Rc8 16. Rfd1 Qb6 17. a3 Ng4 18. Ne4 Rxe4 19. Rxc8+ Bxc8 20. e3 Bxb2 21.
Bxe4 Bg7 22. Rc1 Bd7 23. Qc4 1/2-1/2

[Event "London Classic Open 2014"]
[Site "London ENG"]
[Date "2014.12.11"]
[Round "4.52"]
[White "Okike, David"]
[Black "Woong, Zhi Wei William"]
[Result "1-0"]
[WhiteElo "2169"]
[BlackElo "1912"]
[WhiteFideId "8500134"]
[BlackFideId "5804906"]
[EventDate "2014.12.08"]

1. e4 c5 2. Nf3 e6 3. d4 cxd4 4. Nxd4 a6 5. Bd3 Bc5 6. Nb3 Be7 7. c4 d6 8. O-O
Nf6 9. Nc3 Nbd7 10. Be3 Qc7 11. Rc1 b6 12. Qe2 Bb7 13. Rfd1 O-O 14. f3 Rfe8 15.
Qf2 Rac8 16. Qf1 Qb8 17. Kh1 Bd8 18. Bg1 h5 19. c5 Qa8 20. cxd6 h4 21. Be3 h3
22. g3 Ne5 23. Be2 Nfd7 24. Qxh3 f5 25. Kg1 fxe4 26. f4 Nf3+ 27. Kf2 Bf6 28.
Bxf3 exf3 29. g4 e5 30. f5 e4 31. g5 Bxg5 32. Bxg5 b5 33. Be3 Rcd8 34. Nd4 Ne5
35. Ne6 Nc4 36. Ng5 Rxd6 37. Qh7+ Kf8 38. Qh8+ Ke7 39. Qxg7+ Kd8 40. Nf7+ 1-0

[Event "London Classic Open 2014"]
[Site "London ENG"]
[Date "2014.12.11"]
[Round "4.53"]
[White "Nettleton, Charlie B"]
[Black "Orgler, Philipp"]
[Result "1-0"]
[WhiteElo "1910"]
[BlackElo "2165"]
[WhiteFideId "419710"]
[BlackFideId "1604236"]
[EventDate "2014.12.08"]

1. d4 d5 2. Nf3 e6 3. e3 c6 4. Nbd2 f5 5. b3 Nf6 6. a4 Bd6 7. Ba3 O-O 8. Ne5 Ne4
9. Bd3 Bxa3 10. Rxa3 Nd7 11. O-O Nxe5 12. dxe5 Bd7 13. Nf3 Qe7 14. Qa1 g5 15.
Qb2 g4 16. Nd4 Kh8 17. c4 Qg7 18. Ne2 Ng5 19. cxd5 exd5 20. Ng3 Rae8 21. Qd4 b6
22. a5 Ne6 23. Qc3 Nc5 24. axb6 axb6 25. b4 Nxd3 26. Qxd3 Qxe5 27. Ra7 Be6 28.
Rc1 f4 29. Qxh7# 1-0

[Event "London Classic Open 2014"]
[Site "London ENG"]
[Date "2014.12.11"]
[Round "4.54"]
[White "Strand, Oyvin"]
[Black "Smith, Andrew Philip"]
[Result "0-1"]
[BlackTitle "FM"]
[WhiteElo "1877"]
[BlackElo "2148"]
[WhiteFideId "1507230"]
[BlackFideId "2500833"]
[EventDate "2014.12.08"]

1. d4 Nf6 2. Nf3 g6 3. g3 Bg7 4. Bg2 O-O 5. O-O d5 6. Nbd2 c5 7. c3 cxd4 8. cxd4
Nc6 9. a3 a5 10. b3 Ne4 11. Bb2 f5 12. e3 Bd7 13. Ne5 Nxe5 14. dxe5 Bb5 15. Re1
Nc5 16. Nf3 Nd3 17. Re2 Nxb2 18. Rxb2 Bc6 19. Rc1 e6 20. Nd4 Qe7 21. Nxc6 bxc6
22. Rxc6 Qxa3 23. Rb1 Rfe8 24. Ra1 Qb4 25. f4 Bf8 26. Rac1 a4 27. bxa4 Rxa4 28.
g4 fxg4 29. Qxg4 Qd2 30. e4 Qe3+ 31. Kh1 Rc4 32. R6xc4 dxc4 33. Rf1 c3 34. f5 c2
35. fxg6 h6 36. Qh4 c1=Q 37. Qf6 Qxf1+ 38. Qxf1 Re7 0-1

[Event "London Classic Open 2014"]
[Site "London ENG"]
[Date "2014.12.11"]
[Round "4.55"]
[White "Jones, Steven A"]
[Black "White, David J"]
[Result "1-0"]
[WhiteElo "2096"]
[BlackElo "1891"]
[WhiteFideId "419630"]
[BlackFideId "402931"]
[EventDate "2014.12.08"]

1. e4 c5 2. Nf3 d6 3. d4 cxd4 4. Nxd4 Nf6 5. Nc3 g6 6. Be3 Bg7 7. f3 O-O 8. Qd2
Nc6 9. Bc4 Bd7 10. O-O-O Rc8 11. Bb3 Ne5 12. h4 h5 13. Bg5 Rc5 14. Rhe1 a5 15.
f4 Nc4 16. Qd3 Qc7 17. Bxc4 Rxc4 18. Bxf6 Bxf6 19. Nd5 Qc8 20. e5 dxe5 21. fxe5
Bxh4 22. Nb6 Qc5 23. Nxd7 Qxd4 24. Qxd4 Rxd4 25. Rxd4 Bxe1 26. Nxf8 Kxf8 27.
Rd8+ Kg7 28. Rd7 Bg3 29. Rxe7 Kf8 30. Rxb7 Bxe5 31. Rb5 Bc7 32. Kd1 Ke7 33. a4
Ke6 34. b4 axb4 35. a5 Bh2 36. a6 Bg1 37. Rb7 1-0

[Event "London Classic Open 2014"]
[Site "London ENG"]
[Date "2014.12.11"]
[Round "4.56"]
[White "Rozycki, Bartlomiej"]
[Black "Disu, Kayode"]
[Result "0-1"]
[WhiteElo "2085"]
[BlackElo "1879"]
[WhiteFideId "1106996"]
[BlackFideId "432849"]
[EventDate "2014.12.08"]

1. d4 d5 2. c4 c6 3. Nc3 e6 4. e4 dxe4 5. Nxe4 Bb4+ 6. Bd2 Qxd4 7. Bxb4 Qxe4+ 8.
Ne2 Na6 9. Ba3 c5 10. Qd6 Bd7 11. O-O-O Nf6 12. Nd4 O-O-O 13. Qg3 cxd4 0-1

[Event "London Classic Open 2014"]
[Site "London ENG"]
[Date "2014.12.11"]
[Round "4.57"]
[White "Kalaiyalahan, Akshaya"]
[Black "Terzo, Andrea"]
[Result "0-1"]
[WhiteElo "2080"]
[BlackElo "1809"]
[WhiteFideId "422894"]
[BlackFideId "897353"]
[EventDate "2014.12.08"]

1. d4 d5 2. Nf3 Nf6 3. c4 e6 4. g3 c6 5. Bg2 Nbd7 6. O-O Bd6 7. Nbd2 O-O 8. b3
b6 9. Bb2 Bb7 10. Rc1 Rc8 11. Qc2 c5 12. Qb1 Re8 13. Rfd1 Qe7 14. Qa1 e5 15.
dxe5 Nxe5 16. Nh4 Bb8 17. cxd5 Nxd5 18. Nf5 Qe6 19. e4 Nf6 20. f4 Nd3 21. Bh3
Kf8 22. Bxf6 gxf6 23. Rc3 Rcd8 24. Qb1 Nxf4 25. gxf4 Bxf4 26. Rd3 Qe5 27. Nf3
Qxe4 28. Rxd8 Be3+ 29. Nxe3 Qxe3+ 30. Kh1 Qxf3+ 31. Kg1 Qe3+ 0-1

[Event "London Classic Open 2014"]
[Site "London ENG"]
[Date "2014.12.11"]
[Round "4.58"]
[White "Klingher, Dominic"]
[Black "Jurgensen, Graham"]
[Result "0-1"]
[BlackTitle "CM"]
[WhiteElo "1799"]
[BlackElo "2070"]
[WhiteFideId "428850"]
[BlackFideId "14300788"]
[EventDate "2014.12.08"]

1. e4 c5 2. d4 cxd4 3. c3 dxc3 4. Nxc3 Nc6 5. Bc4 e6 6. Nf3 a6 7. a4 d6 8. O-O
Nf6 9. Bg5 Be7 10. Qe2 O-O 11. Rfd1 Qa5 12. Rac1 h6 13. Bxf6 Bxf6 14. Rxd6 Bxc3
15. Rxc3 Qxa4 16. Nh4 Ne5 17. Bb3 Qb4 18. Rd1 Qe7 19. Rh3 Bd7 20. f4 Bb5 21. Qh5
Nd7 22. f5 Nf6 23. Qf3 e5 24. Kh1 Rfd8 25. Rxd8+ Rxd8 26. Ng6 Qb4 27. Qe3 Ng4
28. Qg1 Qd2 29. Rf3 Be2 30. Rg3 Qd4 31. Qxd4 exd4 32. Bd5 d3 33. Bb3 d2 34. Ne7+
Kf8 35. Nd5 d1=Q+ 36. Bxd1 Bxd1 37. Kg1 Nf6 38. Rd3 Bc2 39. Rd2 Bxe4 40. Nxf6
Rxd2 41. Nxe4 Rxb2 42. Nc5 a5 43. f6 gxf6 44. g4 b5 45. g5 fxg5 46. h4 a4 47. h5
a3 48. Nd3 Rd2 49. Ne1 a2 50. Ng2 a1=Q+ 51. Kh2 Qe5+ 52. Kh3 Rd3+ 53. Kg4 f5# 0-1

[Event "London Classic Open 2014"]
[Site "London ENG"]
[Date "2014.12.11"]
[Round "4.59"]
[White "Johansson, Toni"]
[Black "Machlik, Jon"]
[Result "1-0"]
[WhiteElo "2062"]
[BlackElo "1852"]
[WhiteFideId "1703269"]
[BlackFideId "1513613"]
[EventDate "2014.12.08"]

1. c4 c6 2. g3 d5 3. b3 Bf5 4. Bg2 e6 5. Nf3 h6 6. Bb2 Nd7 7. O-O Ngf6 8. d3 Bd6
9. Nbd2 Qc7 10. Re1 Bg4 11. cxd5 exd5 12. e4 O-O 13. Qc2 Rfe8 14. Nd4 Qb6 15. h3
Be6 16. Rac1 dxe4 17. dxe4 Bb4 18. Re2 Rad8 19. Nxe6 Rxe6 20. Nc4 Qc7 21. Kh2
Nh5 22. Bf3 Nf4 23. Re3 Bc5 24. Ree1 b5 25. e5 Bxf2 26. gxf4 Bxe1 27. Rxe1 bxc4
28. Qxc4 Nb6 29. Qc3 Nd5 30. Qc4 Qa5 31. Re2 Ree8 32. f5 Qb5 33. Qg4 h5 34. Qg3
Ne3 35. Qg5 Nd1 36. f6 g6 37. Qh6 1-0

[Event "London Classic Open 2014"]
[Site "London ENG"]
[Date "2014.12.11"]
[Round "4.61"]
[White "Fernandez, Michael"]
[Black "Basson, Heinrich"]
[Result "1-0"]
[WhiteTitle "FM"]
[WhiteElo "2301"]
[BlackElo "1899"]
[WhiteFideId "5803560"]
[BlackFideId "14301440"]
[EventDate "2014.12.08"]

1. e4 d5 2. exd5 Qxd5 3. d4 Nf6 4. Nf3 Bf5 5. c4 Qd8 6. Qb3 Qc8 7. Nc3 e6 8. Bf4
c6 9. h3 h6 10. O-O-O Be7 11. g4 Bh7 12. Bd3 Bxd3 13. Rxd3 Nbd7 14. Kb1 b6 15.
Ne5 Nxe5 16. Bxe5 Qb7 17. d5 exd5 18. Bxf6 gxf6 19. cxd5 O-O 20. dxc6 Qxc6 21.
Nd5 Rae8 22. Rhd1 Kg7 23. Ne3 Bc5 24. Nf5+ Kh7 25. Qc4 Qe4 26. Qc1 1-0

[Event "London Classic Open 2014"]
[Site "London ENG"]
[Date "2014.12.11"]
[Round "4.62"]
[White "Coleman, David J"]
[Black "Akshay V Halagannavar"]
[Result "0-1"]
[WhiteTitle "CM"]
[WhiteElo "2253"]
[BlackElo "1881"]
[WhiteFideId "402087"]
[BlackFideId "25020188"]
[EventDate "2014.12.08"]

1. e4 c5 2. Nf3 Nc6 3. d4 cxd4 4. Nxd4 Nf6 5. Nc3 e5 6. Ndb5 d6 7. Bg5 a6 8. Na3
b5 9. Nd5 Be7 10. Bxf6 Bxf6 11. c3 O-O 12. Nc2 Bg5 13. a4 bxa4 14. Rxa4 a5 15.
Bc4 Bd7 16. b3 Rc8 17. Ra2 Ne7 18. h4 Bh6 19. Nde3 Bxe3 20. Nxe3 a4 21. Ra3 axb3
22. Bxb3 Be6 23. Nd5 Bxd5 24. Bxd5 Nxd5 25. Qxd5 Rc5 26. Qb3 Qf6 27. Ra4 h6 28.
Ke2 Qf4 29. g3 Qg4+ 30. Ke3 Rfc8 31. Rc1 g5 32. Ra7 d5 33. exd5 Rxc3+ 34. Rxc3
Qd4+ 35. Ke2 Rxc3 36. Qa4 Qd3+ 0-1

[Event "London Classic Open 2014"]
[Site "London ENG"]
[Date "2014.12.11"]
[Round "4.63"]
[White "Moradi, Kimia"]
[Black "Farkas, Lajos Dr."]
[Result "1-0"]
[WhiteElo "1920"]
[BlackElo "2219"]
[WhiteFideId "12500100"]
[BlackFideId "711390"]
[EventDate "2014.12.08"]

1. e4 c6 2. Nc3 d5 3. Nf3 Bg4 4. h3 Bxf3 5. Qxf3 e6 6. d4 dxe4 7. Qxe4 Nf6 8.
Qh4 Be7 9. Bd3 Nbd7 10. O-O h6 11. Re1 Qa5 12. Bd2 g5 13. Qg3 Qb6 14. Rad1 Qxd4
15. Ne4 Nxe4 16. Bxe4 Qe5 17. Bxc6 Qxg3 18. Bxd7+ Kxd7 19. Bf4+ Kc6 20. Bxg3
Rhd8 21. Be5 f6 22. Bc3 e5 23. Kf1 h5 24. Ke2 Bc5 25. b4 Bb6 26. a4 a6 27. Bb2
Bc7 28. c4 f5 29. Kf1 Rxd1 30. Rxd1 e4 31. Rd5 Rf8 32. Bd4 Bd6 33. Rxd6+ Kxd6
34. Bc5+ Ke5 35. Bxf8 Kd4 36. c5 Kc4 37. Be7 f4 38. Bxg5 Kxb4 39. Bxf4 Kxa4 40.
g4 1-0

[Event "London Classic Open 2014"]
[Site "London ENG"]
[Date "2014.12.11"]
[Round "4.64"]
[White "Dydak, Mateusz"]
[Black "Quinn, John M"]
[Result "1-0"]
[WhiteElo "1870"]
[BlackElo "2131"]
[WhiteFideId "2612305"]
[BlackFideId "405043"]
[EventDate "2014.12.08"]

1. g3 Nf6 2. Bg2 g6 3. f4 d5 4. Nf3 Bg7 5. d3 O-O 6. O-O c5 7. Qe1 d4 8. Na3 Nc6
9. c3 Nd5 10. Bd2 Rb8 11. Nc2 b5 12. Rc1 e6 13. cxd4 cxd4 14. Ng5 Bb7 15. g4 Re8
16. f5 exf5 17. gxf5 Ne3 18. Bxe3 dxe3 19. Ne4 Bxb2 20. Rb1 Bg7 21. Rxb5 Ba8 22.
Rxb8 Qxb8 23. fxg6 hxg6 24. Ng5 Nd8 25. Bxa8 Qxa8 26. Qb4 Qd5 27. Ne4 f5 28. Nc3
Qf7 29. a4 Nc6 30. Qc5 Ne5 31. Nb5 a6 32. Nd6 Bf8 33. Nxf7 Bxc5 34. Nxe5 Rxe5
35. d4 Bxd4 36. Nxd4 Re4 37. Rd1 a5 38. Kg2 Kg7 39. Kf3 Kf6 40. Rd3 g5 41. h3
Kg6 42. Kg3 Kf6 43. Nf3 Rxa4 44. Rd6+ Ke7 45. Ra6 g4 46. hxg4 Rxg4+ 47. Kh3 Ra4
48. Kg2 f4 49. Ne5 Ra2 50. Kf3 a4 51. Nc4 Kf7 52. Nb6 a3 53. Nc4 Ra1 54. Rxa3
Rf1+ 55. Ke4 Rf2 56. Ne5+ Kg7 57. Ra2 Kg8 58. Nf3 1-0

[Event "London Classic Open 2014"]
[Site "London ENG"]
[Date "2014.12.11"]
[Round "4.66"]
[White "Rogers, Tim L"]
[Black "Slade, Theodore"]
[Result "1-0"]
[WhiteElo "2046"]
[BlackElo "1869"]
[WhiteFideId "418137"]
[BlackFideId "426547"]
[EventDate "2014.12.08"]

1. c4 e5 2. g3 Nf6 3. Bg2 Nc6 4. Nc3 Bc5 5. e3 O-O 6. a3 a5 7. Nge2 Re8 8. O-O
Bf8 9. d4 d6 10. d5 Ne7 11. Rb1 Nd7 12. e4 Nb6 13. b3 g6 14. Qd3 Bg7 15. Be3 Nd7
16. b4 axb4 17. axb4 f5 18. f3 Nf6 19. Kh1 Rf8 20. Ra1 fxe4 21. fxe4 Rxa1 22.
Rxa1 Ng4 23. Bg1 Bd7 24. c5 Nf2+ 25. Bxf2 Rxf2 26. Kg1 Rf8 27. Nb5 Bh6 28. Kh1
Bg4 29. h3 Bxe2 30. Qxe2 Nc8 31. Qg4 Bd2 32. Ra8 Kg7 33. Na7 Qf6 34. Rxc8 Rf7
35. c6 bxc6 36. Nxc6 Qf2 37. Nd8 h5 38. Qd1 Re7 39. Ne6+ Kh7 40. Qf1 Qxf1+ 41.
Bxf1 Bxb4 42. Rxc7 Rxc7 43. Nxc7 Kg7 44. Kg2 Kf6 45. Kf3 Bd2 46. Ke2 Bb4 47. Kd3
Ke7 48. Ne6 Be1 49. g4 hxg4 50. hxg4 Ba5 51. Ke3 Bb6+ 52. Kf3 Ba5 53. g5 Bb6 54.
Ba6 Kf7 55. Ke2 Ba5 56. Kd3 Bb6 57. Kc4 Ke7 58. Kb5 Be3 59. Kc6 Bd2 60. Nc7 Bb4
61. Bc8 Bd2 62. Nb5 Bb4 63. Be6 Bc5 64. Bg8 Be3 65. Nxd6 Bxg5 66. Nb7 Kf8 67.
Be6 Ke8 68. d6 Bf6 1-0

[Event "London Classic Open 2014"]
[Site "London ENG"]
[Date "2014.12.11"]
[Round "4.67"]
[White "Barasi, Paul Dl"]
[Black "Jacobsen, Fredrik Beer"]
[Result "1-0"]
[WhiteElo "1836"]
[BlackElo "2034"]
[WhiteFideId "432830"]
[BlackFideId "1507044"]
[EventDate "2014.12.08"]

1. d4 Nf6 2. Bg5 Ne4 3. h4 b6 4. Nd2 d5 5. Nxe4 dxe4 6. e3 Bb7 7. Ne2 h6 8. Bf4
Nd7 9. g4 c5 10. c3 cxd4 11. cxd4 e6 12. Nc3 Bb4 13. Qa4 Bxc3+ 14. bxc3 O-O 15.
g5 e5 16. dxe5 hxg5 17. Rd1 Nc5 18. Rxd8 Nxa4 19. Rxa8 Rxa8 20. hxg5 Nxc3 21.
Kd2 Nxa2 22. Bc4 Rd8+ 23. Kc2 Nb4+ 24. Kb3 Nd3 25. g6 Bd5 26. Bg5 Bxc4+ 27. Kxc4
Nxe5+ 28. Kb5 Rd5+ 29. Ka6 Ra5+ 30. Kb7 Nxg6 1-0